| 000 | 00517nam a2200181 a 4500 | ||
|---|---|---|---|
| 005 | 20230510063734.0 | ||
| 008 | 991125s1975 ag 000 0 spa u | ||
| 035 | _aUPN01000004789 | ||
| 049 | _aCG | ||
| 050 | 4 |
_aHQ71 _bCH4.28 |
|
| 100 | 1 | _aChesser, Eutace | |
| 245 | 1 | 0 |
_aAspectos humanos de las desviaciones sexuales / _cEutace Chesser ; tr. Julio Vaca Rezza. |
| 260 |
_aBuenos Aires : _bCentral, _c1975. |
||
| 300 | _a253 p. | ||
| 650 | 4 |
_aEducación sexual _97445 |
|
| 650 | 4 | _aSEXO (SOCIOLOGIA) | |
| 905 | _aLibro | ||
| 999 |
_c4789 _d4789 |
||